| 000 | 00812cam a22002655a 4500 | ||
|---|---|---|---|
| 001 | 016049393 | ||
| 003 | OSt | ||
| 005 | 20151109092352.0 | ||
| 008 | 120305t2013 nyua frb 001 0 eng d | ||
| 020 | _a9781133277576 (pbk.) | ||
| 020 | _a1133277578 (pbk.) | ||
| 040 |
_aStDuBDS _beng _cStDuBDS _dEG-ScBUE _dEG-ScBUE |
||
| 082 | 0 | 4 |
_a621.312429 _bGLE _222 |
| 100 | 1 |
_aGleason, William. _938697 |
|
| 245 | 1 | 0 |
_aFuel cell technician's guide / _cby William Gleason. |
| 250 | _aInternational ed. | ||
| 260 |
_a[Clifton Park] : _bDelmar / Cengage Learning, _cc.2013. |
||
| 300 |
_avii, 322 p. : _bill. ; _c25 cm. |
||
| 500 | _aIndex : p. 313-322. | ||
| 504 | _aIncludes bibliographical references. | ||
| 650 | 0 |
_aFuel cells. _2BUEsh |
|
| 651 | _2BUEsh | ||
| 653 |
_bENGGEN _cJune2015 _cNovember2015 |
||
| 942 | _2ddc | ||
| 999 |
_c19991 _d19963 |
||